|
|
|
|
| LEADER |
00000nam0a2200000 4500 |
| 001 |
328498 |
| 005 |
20231102004051.0 |
| 035 |
|
|
|a (RuTPU)RU\TPU\book\354198
|
| 090 |
|
|
|a 328498
|
| 100 |
|
|
|a 20170220d1911 km y0rusy50 ca
|
| 101 |
0 |
|
|a rus
|
| 102 |
|
|
|a RU
|
| 105 |
|
|
|a abf z 000zy
|
| 200 |
1 |
|
|a Краткий очерк положения горной и горнозаводской промышленности в Степном Северном горном округе
|e составлен к 1 января 1911 г.
|f А. А. Сборовский
|
| 210 |
|
|
|a Омск
|c Сибирская электро-печатня и хромо-литография Н. А. Иванова
|d 1911
|
| 215 |
|
|
|a 29 с.
|c ил., карта, табл.
|
| 300 |
|
|
|a Печатать дозволено
|
| 300 |
|
|
|a Текст в русской дореформенной орфографии
|
| 317 |
|
|
|5 63413507: 26//2253
|a Поступил в НТБ в 1928 г. в дар от В. И. Минаева
|
| 606 |
1 |
|
|a Горное дело
|x История
|2 stltpush
|3 (RuTPU)RU\TPU\subj\69233
|9 84200
|
| 610 |
1 |
|
|a горная промышленность
|
| 610 |
1 |
|
|a горные округа
|
| 610 |
1 |
|
|a угли
|
| 610 |
1 |
|
|a полезные ископаемые
|
| 610 |
1 |
|
|a рудные месторождения
|
| 610 |
1 |
|
|a рудники
|
| 610 |
1 |
|
|a горнопромышленные предприятия
|
| 610 |
1 |
|
|a золото
|
| 610 |
1 |
|
|a очерки
|
| 610 |
1 |
|
|a Коллекция Н. С. Боголюбского
|
| 675 |
|
|
|a 622
|v 4
|
| 700 |
|
1 |
|a Сборовский
|b А. А.
|
| 801 |
|
1 |
|a RU
|b 63413507
|c 20170220
|
| 801 |
|
2 |
|a RU
|b 63413507
|c 20210421
|g RCR
|
| 942 |
|
|
|c BK
|